| 000 | 00961nam a22002057a 4500 | ||
|---|---|---|---|
| 005 | 20240118135929.0 | ||
| 008 | s2539 th tha d | ||
| 040 | _aNALT | ||
| 041 | _atha | ||
| 090 | _aKS43 ส214ค 2539 | ||
| 100 | 0 | _aสนิท สนั่นศิลป์ | |
| 245 | 1 | 0 | _aคำอธิบายกฎหมายหนี้ ว่าด้วยโอนสิทธิเรียกร้องและความระงับหนี้ตามประมวลกฎหมายแพ่งและพาณิชย์ บรรพ 2 ลักษณะ 1 หมวด 4-5 |
| 260 | 3 |
_aกรุงเทพฯ : _bสูตรไพศาล, _c2539 |
|
| 300 |
_a224 หน้า ; _b 26 ซม. |
||
| 650 | 0 | 4 | _aสิทธิเรียกร้อง |
| 650 | 0 | 4 | _aกฎหมายแพ่งและพาณิชย์ -- หนี้ |
| 650 | 0 | 4 | _aหนี้ |
| 850 | _aNALT | ||
| 942 |
_cLB _2lcc |
||
| 999 |
_c17897 _d17897 |
||
| 998 |
_j4576 _k นักศึกษาฝึกงาน-02 |
||